000 01468cam a22004454i 4500
003 PE-LiUPU
005 20250731173542.0
008 150616s r 000 0 d
035 _a(Sirsi) a9094
040 _aPE-LiUPU
_bspa
_cPE-LiUPU
_erda
049 _aPRUA
082 0 4 _a286.73
_bC75
_221
100 1 _aHowell, Emma Elizabeth,
_d1895-,
_eautor.
245 1 4 _aThe Great Advent Movement /
_cEmma Howell Cooper.
264 1 _aWashington :
_bReview and Herald Publishing,
_c1941].
300 _a256 páginas ;
_c20 cm.
336 _atext
_2rdacontent
337 _aunmediated
_2rdamedia
338 _avolume
_2rdacarrier
505 0 _aEl movimiento adventista a través de la historia.
526 _aSEG42
526 _aSEG41
526 _aSEG40
526 _aSEG39
526 _aP94
526 _aP87
526 _aP86
526 _aP85
526 _aP77
526 _aP76
526 _aP35
650 0 4 _aAdventistas del Séptimo Día
_xHistoria.
910 _ajck
_bjvq
_cjck
942 _2ddc
_cBOOK
949 _a286.73 C75
_wDEWEY
_c1
_i42653
_lCCODEBUL1
_mBUL
_p00.00
_r0
_sY
_tBOOK
_u19970224
_xTEOLOGIA
_zUNKNOWN
_0COMPRA
_o.STAFF. Colección General
994 _aC0
_bPEPRU
596 _a1
999 _a286.73 C75
_wDEWEY
_c60510
_i42653
_d60510
_f2021-11-11
_g6
_lCCODEBUL1
_mBUL
_q1
_r0
_sY
_tBOOK
_u2015-6-16
_xTEOLOGIA
_zUNKNOWN
_0COMPRA
_o.STAFF. Colección General
980 _81
_gALBERTO SANCHEZ Responsable de Automatización